| 000 | 00556nam a22001697a 4500 | ||
|---|---|---|---|
| 005 | 20231116145306.0 | ||
| 008 | 231116b |||||||| |||| 00| 0 eng d | ||
| 020 | _a06020081732 | ||
| 041 | _aEnglish | ||
| 082 | _a343.8 MIL | ||
| 100 |
_aMillin, P and Wille, G _lEnglish |
||
| 245 |
_aSupplement to : Wille and Millin's Mercantile Law of South Africa / _cP Millin and G Wille |
||
| 260 |
_aJohannesburg : _bHortors Limited, _c1984 |
||
| 300 |
_b45 pages ; _c25,5 cm. |
||
| 650 |
_aLegal practice _bLaw |
||
| 942 |
_cBK _6ALISON_BN_VRIES |
||
| 999 |
_c744 _d744 |
||